¿Democracia cristiana o nueva derecha? alternativas de representación política de las clases dominantes centroamericanas /
El documento consiste en la ponencia "¿Democracia cristiana o nueva derecha? Alternativas de presentación política de las clases dominantes centroamericanas", presentada en el VII Congreso de Sociología, realizada en Tegucigalpa, Honduras, del 2 al 7 de Noviembre de 1986. En torno a la te...
Zapisane w:
| 1. autor: | |
|---|---|
| Format: | Texto |
| Język: | Spanish |
| Wydane: |
Tegucigalpa:
UNAH ;
1986
|
| Hasła przedmiotowe: | |
| Etykiety: |
Dodaj etykietę
Nie ma etykietki, Dołącz pierwszą etykiete!
|
MARC
| LEADER | 00000 a a2200000 04500 | ||
|---|---|---|---|
| 001 | 21058 | ||
| 003 | cru CIDCACS/IIS | ||
| 005 | 20230621110400.0 | ||
| 008 | 220323b1986 ho|||||| |||| 00| 0 spa d | ||
| 020 | |a [sin ISBN] | ||
| 040 | |a Centro de Recursos para el Aprendizaje y la Investigación |b spa |c cru IIS | ||
| 090 | |a 04.02.02 G249d | ||
| 100 | |a Gaspar Tapia, Gabriel | ||
| 245 | |a ¿Democracia cristiana o nueva derecha? |b alternativas de representación política de las clases dominantes centroamericanas / |c Gabriel Gaspar Tapia | ||
| 260 | |a Tegucigalpa: |b UNAH ; |c 1986 | ||
| 300 | |a 14 páginas | ||
| 500 | |a Colección Centroamérica | ||
| 520 | 3 | |a El documento consiste en la ponencia "¿Democracia cristiana o nueva derecha? Alternativas de presentación política de las clases dominantes centroamericanas", presentada en el VII Congreso de Sociología, realizada en Tegucigalpa, Honduras, del 2 al 7 de Noviembre de 1986. En torno a la temática de la democracia y su relación con las políticas dominantes. | |
| 650 | 0 | 0 | |0 TESAUROS |2 OCDE |9 83 |a DEMOCRACIA |
| 650 | 0 | 0 | |2 OCDE |9 1855 |a IDEOLOGIAS POLITICAS |0 TESAUROS |
| 650 | 0 | 0 | |2 OCDE |9 2081 |a SOCIOLOGIA |0 TESAUROS |
| 852 | 1 | 1 | |a 04.02.02 G249d |
| 942 | |2 ddc |c LI |h 04.02.02 G249d |k 04.02.02 |m G249d |6 040202_G249D | ||
| 999 | |c 44159 |d 44159 | ||
